000 00270nam a2200121Ia 4500
008 240624s9999 xx 000 0 und d
041 _aeng
082 _a200 OSH
100 _aOSHO
245 _aBOOK OF SECRETS
260 _c2010
_aNew York
_bMartins Press
365 _cRS
999 _c21080
_d21080